Kabale University Library Catalogue

Infectious disease : (Record no. 5796)

MARC details
000 -LEADER
fixed length control field 00858cam a22002294a 4500
005 - DATE AND TIME OF LATEST TRANSACTION
control field 20250825183631.0
008 - FIXED-LENGTH DATA ELEMENTS--GENERAL INFORMATION
fixed length control field 080925s2009 enkab 001 0 eng
020 ## - INTERNATIONAL STANDARD BOOK NUMBER
International Standard Book Number 9781405135436
Qualifying information hardcover : alk. paper
040 ## - CATALOGING SOURCE
Original cataloging agency KABLIB
Transcribing agency KABLIB
Description conventions rda
082 00 - DEWEY DECIMAL CLASSIFICATION NUMBER
Classification number 616.9
Edition number 22
Item number SHE
100 1# - MAIN ENTRY--PERSONAL NAME
Personal name Shetty, N.
Fuller form of name (Nandini)
9 (RLIN) 14644
245 10 - TITLE STATEMENT
Title Infectious disease :
Remainder of title pathogenesis, prevention, and case studies /
Statement of responsibility, etc. N. Shetty, J.W. Tang, J. Andrews.
260 ## - PUBLICATION, DISTRIBUTION, ETC.
Place of publication, distribution, etc. Chichester, UK ;
-- Hoboken, NJ :
Name of publisher, distributor, etc. Wiley-Blackwell,
Date of publication, distribution, etc. c2009.
300 ## - PHYSICAL DESCRIPTION
Extent xiii, 674 p. :
Other physical details col. ill., maps ;
Dimensions 29 cm.
500 ## - GENERAL NOTE
General note Includes index.
650 #0 - SUBJECT ADDED ENTRY--TOPICAL TERM
Topical term or geographic name entry element Communicable diseases.
650 12 - SUBJECT ADDED ENTRY--TOPICAL TERM
Topical term or geographic name entry element Communicable Diseases
General subdivision etiology.
9 (RLIN) 14645
650 22 - SUBJECT ADDED ENTRY--TOPICAL TERM
Topical term or geographic name entry element Communicable Disease Control
General subdivision methods.
9 (RLIN) 14646
700 1# - ADDED ENTRY--PERSONAL NAME
Personal name Tang, J. W.
Fuller form of name (Julian W.)
9 (RLIN) 14647
700 1# - ADDED ENTRY--PERSONAL NAME
Personal name Andrews, J.
Fuller form of name (Julie)
9 (RLIN) 14648
942 ## - ADDED ENTRY ELEMENTS (KOHA)
Source of classification or shelving scheme Dewey Decimal Classification
Koha item type Book
Holdings
Withdrawn status Lost status Source of classification or shelving scheme Damaged status Not for loan Home library Current library Shelving location Date acquired Source of acquisition Total Checkouts Full call number Barcode Date last seen Price effective from Koha item type
    Dewey Decimal Classification     Education Library Education Library Open Access Section 25.08.2025 Purchased   616.9 SHE 14007 25.08.2025 25.08.2025 Book
    Dewey Decimal Classification     School of Medicine Library School of Medicine Library Open Access Section 25.08.2025 Purchased   616.9 SHE 14005 25.08.2025 25.08.2025 Book
    Dewey Decimal Classification     School of Medicine Library School of Medicine Library Open Access Section 25.08.2025 Purchased   616.9 SHE 14006 25.08.2025 25.08.2025 Book

Kabale University Library | Kabale University P.O Box 317, Kabale, Uganda
Tel : +256754017033, +256774661503 E-mail : library@kab.ac.ug